|
|
|
|
| LEADER |
00000nam0a2200000 4500 |
| 001 |
162092 |
| 005 |
20231101222310.0 |
| 010 |
|
|
|a 9785922108188
|
| 035 |
|
|
|a (RuTPU)RU\TPU\book\175798
|
| 090 |
|
|
|a 162092
|
| 100 |
|
|
|a 20090617d2007 k y0rusy50 ca
|
| 101 |
0 |
|
|a rus
|
| 102 |
|
|
|a RU
|
| 105 |
|
|
|a a z 001zy
|
| 200 |
1 |
|
|a Математическое моделирование пористых структур
|f П. В. Москалев, В. В. Шитов
|
| 210 |
|
|
|a Москва
|c Физматлит
|d 2007
|
| 215 |
|
|
|a 120 с.
|c ил.
|
| 225 |
1 |
|
|a Механика
|
| 320 |
|
|
|a Библиогр.: с. 112-120.
|
| 330 |
|
|
|a Монография посвящена теоретическим исследованиям в области моделирования внутренней структуры и процессов нелинейной фильтрации однородных жидкостей в насыщенной капиллярно-пористой среде. Излагаются сведения об основных феноменологических закономерностях процессов переноса массы, методах оценки эффективных показателей и эмпирических характеристиках пористой среды. Рассматриваются методы моделирования, связанные с формированием фрактальных пространственно-временных структур и процессов с хаотической динамикой в макроскопически изотропной пористой среде. Приводятся некоторые аналитические и численные методы и примеры решения краевых задач теории фильтрации в областях с различной конфигурацией.
|
| 606 |
1 |
|
|a Жидкости
|x Движение в пористой среде
|2 stltpush
|3 (RuTPU)RU\TPU\subj\10874
|9 37886
|
| 610 |
1 |
|
|a пористые структуры
|
| 610 |
1 |
|
|a математическое моделирование
|
| 610 |
1 |
|
|a пористые среды
|
| 610 |
1 |
|
|a стохастические процессы
|
| 610 |
1 |
|
|a фильтрация
|
| 610 |
1 |
|
|a гидродинамика
|
| 675 |
|
|
|a 532.546
|v 3
|
| 700 |
|
1 |
|a Москалев
|b П. В.
|g Павел Валентинович
|
| 701 |
|
1 |
|a Шитов
|b В. В.
|g Виктор Васильевич
|
| 801 |
|
1 |
|a RU
|b 63413507
|c 20090617
|g PSBO
|
| 801 |
|
2 |
|a RU
|b 63413507
|c 20150518
|g RCR
|
| 942 |
|
|
|c BK
|
| 959 |
|
|
|a 62/20090527
|d 2
|e 176,00
|f АНЛ:1
|f ЧЗТЛ:1
|